| 000 | 00804nam a22002297a 4500 | ||
|---|---|---|---|
| 005 | 20240406121520.0 | ||
| 008 | 240224b ||||| |||| 00| 0 eng d | ||
| 020 | _a9780198850359 | ||
| 040 | _cAIMIT LIBRARY | ||
| 082 |
_2658.314 _aCOLD |
||
| 245 |
_aOxford handbook of Talent Management / _cedited by David G. Collings, Kamel Mellahi and Wayne F. Cascio |
||
| 250 | _aist ed. | ||
| 260 |
_aNew York : _bOxford University Press , _c2019. |
||
| 300 |
_axxviii,575 p.; _bPB _c25.3 cm. |
||
| 650 |
_aTalent and performance _9152271 |
||
| 650 |
_aPotential for leadership _9152272 |
||
| 650 |
_aManaging talent across organizations _9152273 |
||
| 700 |
_aCollings, David G. _9152274 |
||
| 700 |
_aMellahi, David G. _9152275 |
||
| 700 |
_aCascio, Wayne F. _9152276 |
||
| 942 |
_2ddc _cBK _e1st _k658.314 COLD |
||
| 999 |
_c229916 _d229916 |
||